| 000 | 00783nam a22002177a 4500 | ||
|---|---|---|---|
| 003 | OSt | ||
| 005 | 20260120084049.0 | ||
| 008 | 260120b |||||||| |||| 00| 0 eng d | ||
| 020 | _a13 : 978-1-59385-315-0. | ||
| 040 |
_aDWCL-Main lib _cOC |
||
| 082 | _aGR. 618.92 S272c 2007 | ||
| 100 | _aSaxe, Glenn N. | ||
| 245 |
_aCollaborative treatment of traumatized children and teens : _bthe trauma systems therapy approach _cSaxe, Glenn N. |
||
| 260 |
_aN. Y. : _bThe Guilford Press, _cc2007. |
||
| 300 |
_axiv, 338 pages : _billustration ; _c26 cm. |
||
| 650 | _21. Post traumatic stress disorder in adolescence-Treatment. | ||
| 650 | _22. Post traumatic stress disorder in children-Treatment. | ||
| 700 | _aEllis, Heidi B. | ||
| 700 | _aKaplow, Julie B. | ||
| 942 |
_2ddc _cGR _kGR. _n0 |
||
| 999 |
_c7600 _d7600 |
||